| 000 | 00546nam a2200181Ia 4500 | ||
|---|---|---|---|
| 008 | 151202s9999||||xx |||||||||||||| ||und|| | ||
| 082 | _bPNVM-7218 | ||
| 100 | _aआपटे वि.द. | ||
| 245 | _aचटके आणि गहिवर. | ||
| 260 | _b"वि.द.आपटे,इंदूर." | ||
| 260 | _c0 | ||
| 300 | _a92 | ||
| 600 | _aआपटे वि.द. | ||
| 630 | _aचटके आणि गहिवर. | ||
| 700 | _aआपटे वि.द. | ||
| 730 | _aचटके आणि गहिवर. | ||
| 942 | _cBOOK | ||
| 999 |
_c1273210 _d1273207 |
||